Normal view
MARC view
Entry Personal Name
001 - CONTROL NUMBER
- control field: 29505
003 - CONTROL NUMBER IDENTIFIER
- control field: OSt
005 - DATE AND TIME OF LATEST TRANSACTION
- control field: 20220203143552.0
008 - FIXED-LENGTH DATA ELEMENTS
- fixed length control field: 220203|| aca||aabn | a|a d
040 ## - CATALOGING SOURCE
- Original cataloging agency: OSt
- Transcribing agency: OSt
100 ## - HEADING--PERSONAL NAME
- Personal name: Ruan, Ji
670 ## - SOURCE DATA FOUND
- Source citation: Work cat.: (OSt)518468: Ruan, Ji , Motivations for ritual performance in bribery: Ethnographic case studies of the use of Guanxi to gain school places in China
